[Event "GER-chT Federal Cup (Women)"]
[Site "Braunfels"]
[Date "2012.06.09"]
[Round "4.7"]
[White "Spiel, Marianne"]
[Black "Jusciak, Ute"]
[Result "1-0"]
[WhiteElo "1942"]
[BlackElo "1435"]
[PlyCount "81"]
[EventDate "2012.06.07"]
[EventType "team-swiss"]
[EventRounds "5"]
[EventCountry "GER"]
[SourceTitle "CBM 149 Extra"]
[Source "ChessBase"]
[SourceDate "2012.08.24"]
[SourceVersion "1"]
[SourceVersionDate "2012.08.24"]
[SourceQuality "1"]
[WhiteTeam "Bayern Muenchen (W)"]
[BlackTeam "Wuerttemberg (W)"]
[WhiteTeamCountry "GER"]
[BlackTeamCountry "GER"]

1. e4 c5 2. Nf3 Nc6 3. d4 e6 4. c3 a6 5. Bd3 Qb6 6. d5 Nce7 7. c4 g6 8. 0-0 Bg7 9. Nc3 Bxc3 10. bxc3 d6 11. e5 Nf5 12. Re1 Nge7 13. Bg5 exd5 14. exd6 Qxd6 15. Bxf5 Bxf5 16. Bxe7 Qxe7 17. Rxe7+ Kxe7 18. Qxd5 Rad8 19. Re1+ Be6 20. Qxb7+ Rd7 21. Qxa6 Rhd8 22. Qb6 Kf6 23. Qxc5 Rd1 24. Qe5+ Ke7 25. Kf1 Kf8 26. Qc5+ Kg7 27. Nd4 Rxe1+ 28. Kxe1 Kf6 29. f4 Rc8 30. Nxe6 Rxc5 31. Nxc5 Ke7 32. Kd2 Kd6 33. Ne4+ Kc6 34. Kd3 f5 35. Nd2 Kc5 36. Nb3+ Kc6 37. Kd4 Kd6 38. c5+ Kc6 39. a4 h5 40. h4 Kd7 41. Kd5 1-0

[Event "GER-chT Federal Cup (Women)"]
[Site "Braunfels"]
[Date "2009.06.04"]
[Round "1"]
[White "Jusciak, Ute"]
[Black "Ries, Jutta"]
[Result "0-1"]
[WhiteElo "1492"]
[BlackElo "1944"]
[PlyCount "68"]
[EventDate "2009.06.04"]
[EventType "team-swiss"]
[EventRounds "5"]
[EventCountry "GER"]
[SourceTitle "CBM 130 Extra"]
[Source "ChessBase"]
[SourceDate "2009.07.02"]
[SourceVersion "2"]
[SourceVersionDate "2009.07.15"]
[SourceQuality "1"]

1. e4 Nf6 2. d3 d6 3. f4 c6 4. Nf3 g6 5. c3 Bg7 6. Be2 Nbd7 7. 0-0 Qb6+ 8. Kh1 h6 9. Na3 0-0 10. Nc4 Qc7 11. Qe1 d5 12. e5 dxc4 13. exf6 exf6 14. dxc4 f5 15. Be3 Re8 16. Qf2 Nf6 17. h3 Ne4 18. Qg1 Ng3+ 19. Kh2 Nxf1+ 20. Bxf1 c5 21. g3 b6 22. Re1 Bb7 23. a4 Bxf3 24. Qf2 Bc6 25. Kg1 Re6 26. Bg2 Bxg2 27. Kxg2 Rae8 28. Kf1 Qb7 29. Kg1 Qe7 30. Rf1 Rxe3 31. Qg2 Re2 32. Rf2 Qe3 33. Qf3 Qxf3 34. Rxf3 Rxb2 0-1

[Event "Bad Koenigshofen op (Women)"]
[Site "Bad Koenigshofen"]
[Date "2006.08.08"]
[Round "5.10"]
[White "Just, Gabriele"]
[Black "Jusciak, Ute"]
[Result "1/2-1/2"]
[WhiteElo "2018"]
[BlackElo "1478"]
[PlyCount "59"]
[EventDate "2006.08.04"]
[EventType "swiss"]
[EventRounds "9"]
[EventCountry "GER"]
[SourceTitle "CBM 113 Extra"]
[Source "ChessBase"]
[SourceDate "2006.09.14"]
[SourceVersion "1"]
[SourceVersionDate "2006.09.14"]
[SourceQuality "1"]

1. f4 Nc6 2. Nf3 e6 3. e3 d5 4. Bb5 Nge7 5. 0-0 g6 6. d3 Bg7 7. Ne5 0-0 8. Bxc6 Nxc6 9. Nxc6 bxc6 10. Qe1 Rb8 11. Nd2 Ba6 12. Rb1 Qd6 13. Nf3 c5 14. b3 c4 15. Qd2 c3 16. Qf2 c5 17. Re1 d4 18. e4 Rfe8 19. Qh4 Qe7 20. Qh3 Bc8 21. g4 e5 22. f5 f6 23. Bh6 g5 24. Bxg7 Qxg7 25. Qg3 Kf7 26. Kf2 h6 27. h4 Rh8 28. Rh1 Bd7 29. Rh3 Rh7 30. Rbh1 1/2-1/2

[Event "GER-chT Federal Cup (Women)"]
[Site "Braunfels"]
[Date "2006.05.05"]
[Round "2"]
[White "Jusciak, Ute"]
[Black "Rudolph, Stephanie"]
[Result "1-0"]
[WhiteElo "1472"]
[BlackElo "1609"]
[PlyCount "51"]
[EventDate "2006.05.04"]
[EventType "team-swiss"]
[EventRounds "5"]
[EventCountry "GER"]
[SourceTitle "EXT 2010"]
[Source "ChessBase"]
[SourceDate "2010.11.25"]
[SourceVersion "1"]
[SourceVersionDate "2010.11.25"]
[SourceQuality "1"]

1. e4 c5 2. Nf3 Nc6 3. Bb5 Qc7 4. Nc3 e6 5. 0-0 a6 6. Bxc6 bxc6 7. d3 e5 8. Be3 Nf6 9. h3 d5 10. exd5 cxd5 11. Bg5 Bd6 12. Re1 Be6 13. Bxf6 gxf6 14. Nd2 f5 15. Qf3 Qb7 16. Nc4 Bc7 17. Nxe5 Bxe5 18. Rxe5 Qxb2 19. Rae1 Qxc3 20. Rxe6+ fxe6 21. Rxe6+ Kf8 22. Qxf5+ Kg8 23. Qxd5 Kf7 24. Qd7+ Kg8 25. Qd5 Kf7 26. Rxa6+ 1-0

[Event "GER-chT Federal Cup (Women)"]
[Site "Braunfels"]
[Date "2006.05.04"]
[Round "1"]
[White "Jusciak, Ute"]
[Black "Woelfer, Wiebke"]
[Result "0-1"]
[WhiteElo "1472"]
[BlackElo "1871"]
[PlyCount "104"]
[EventDate "2006.05.04"]
[EventType "team-swiss"]
[EventRounds "5"]
[EventCountry "GER"]
[SourceTitle "EXT 2010"]
[Source "ChessBase"]
[SourceDate "2010.11.25"]
[SourceVersion "1"]
[SourceVersionDate "2010.11.25"]
[SourceQuality "1"]

1. e4 e5 2. Nf3 Nc6 3. Bc4 Bc5 4. 0-0 Nf6 5. Nc3 0-0 6. d3 d6 7. Bg5 Be6 8. Nd5 Bxd5 9. Bxd5 Rb8 10. Bxc6 bxc6 11. b3 Qe7 12. Re1 Qe6 13. Bxf6 Qxf6 14. c3 Bb6 15. a4 a5 16. Rb1 c5 17. Re2 Rb7 18. Reb2 Rfb8 19. b4 cxb4 20. cxb4 axb4 21. Qd2 c5 22. Ra1 Ra7 23. Qc2 Rba8 24. Rba2 Qe6 25. Nd2 Bd8 26. Nc4 g6 27. f3 Rb8 28. Rb2 f5 29. Qb3 Kh8 30. exf5 gxf5 31. Re2 Bf6 32. Rb1 Qd7 33. Ra2 Qc6 34. Ne3 f4 35. Ng4 Bg7 36. Kf2 h5 37. h3 hxg4 38. hxg4 d5 39. Rh1+ Kg8 40. a5 c4 41. dxc4 Qxc4 42. Rb1 Qxb3 43. Rxb3 Bf8 44. Ke2 Rba8 45. Rd3 Rxa5 46. Rad2 d4 47. Kf2 Ra3 48. Ke2 b3 49. Rb2 Rb8 50. Kd1 Ra1+ 51. Kd2 Bb4+ 52. Ke2 Bc3 0-1